000 00971nam a22002777a 4500
001 BR9300644
003 BR-BrBNA
005 20230928093828.0
007 ta
008 230509b bl.||||| |||| 00| 0 por d
040 _aBR-BrBNA
_bpor
_cBiblioteca Nacional de Agricultura
041 _a(Por)
072 _aF01; U10
090 _ F01 BR9300644
100 1 _aOliveira, R.P. de
110 1 _aUniversidade de Brasilia, DF (Brasil). Depto. de Estatistica
_0Tese (Mestrado)
_910459
110 1 _aEmpresa Brasileira de Pesquisa Agropecuaria, Brasilia, DF (Brasil). Depto. de Metodos Quantitativos
_0Tese (Mestrado)
_93848
245 1 _aEstudo comparativo de alguns metodos de estimacao do trabalho adequado de parcelas experimentais
260 3 _aBrasilia, DF (Brasil):
_c1976.
300 _a100 p.
500 _a24 tables; Summaries (Eng, Por); 23 ref.
650 _aParcela
650 _aModelo Matematico
909 _a202309
_bLucia
_c55
_dLucia Elande
942 _cBK
999 _c47354
_d47354